Kritika praktického rozumu

Salvato in:
Dettagli Bibliografici
Autore principale: Kant, Immanuel, 1724-1804
Altri autori: Münz, Teodor, 1926- (Traduttore, [ADC]), Bačík, Emil, 1929-1999 (gup)
Natura: Libro
Lingua:slovacco
Pubblicazione: Bratislava Spektrum 1990
Edizione:1. vyd.
Serie:Filozofické odkazy
Soggetti:
Accesso online:Visualizza in OPAC
Tags: Aggiungi Tag
Nessun Tag, puoi essere il primo ad aggiungerne!!

MARC

LEADER 00000nam a2200000 a 4500
005 20260127134404.0
008 160330s1990 xo 0 slo
015 |a SNBA1991/03 
020 |a 8021800518  |c 20 Kčs. (2500 výtl.) 
035 |a vtls001063745 
035 |a SNK000006574 
039 9 |a 201603300931  |b VLOAD  |c 201402100831  |d mtotk19  |c 201306051552  |d VLOAD  |c 201305301347  |d VLOAD  |y 200412240122  |z VLOAD 
040 |a SNK  |b slo  |c SNK  |d STUSCHK1  |e AACR2 
041 0 |a slo 
044 |a xo  |c SK 
080 |a 165.63  |2 1. stred. slo 
100 1 |a Kant, Immanuel,  |d 1724-1804  |9 853 
245 0 |a Kritika praktického rozumu  |c Immanuel Kant ; Teodor Münz, Teodor Münz, Emil Bačík 
250 |a 1. vyd. 
260 |a Bratislava  |b Spektrum  |c 1990  |e Bratislava  |f Danubiaprint 
300 |a 184 s., 10,22 AH  |c 21 cm 
490 0 |a Filozofické odkazy 
650 0 7 |a [BK]  |2 SNK 
700 1 |a Münz, Teodor,  |d 1926-  |4 trl  |9 794 
700 1 |a Münz, Teodor,  |d 1926-  |4 [ADC]  |9 794 
700 1 |a Bačík, Emil,  |d 1929-1999  |4 gup  |9 856 
910 |a SCHK95 
910 |a totk 
919 |a 80-218-0051-8 
954 |a racionalizmus  |a teória poznania  |x monografie 
954 |a Kant, Immanuel  |x odkazy filozofické 
958 |a DE 
958 |a TL 
958 |a OP 
999 |c 11524  |d 11524